| 000 | 00411nam a2200145Ia 4500 | ||
|---|---|---|---|
| 008 | 151213s9999 xx 000 0 und d | ||
| 100 | _aA.N. Gupta , Satish Gupta | ||
| 245 |
_aA Dictionary Of Literary Terms _cA.N. Gupta , Satish Gupta |
||
| 260 |
_aBarilly _bPrakash Book Depot _c1998 |
||
| 300 | _a5563 p. | ||
| 650 | _aEnglish | ||
| 650 | _aEnglish | ||
| 700 | _aA.N. Gupta , Satish Gupta | ||
| 999 |
_c3327 _d3327 |
||